Statistics for Random Trivia Quiz by Pictures #7

Click here to take the quiz!

General Stats

  • This quiz has been taken 26 times
  • The average score is 5 of 20

Answer Stats

Answer% Correct
Dalai Lama
90%
Xi Jinping
67%
Hanging Gardens of Babylon
43%
Pelé
43%
The Police
38%
Audrey Hepburn
33%
Aung San Suu Kyi
29%
Billie Holiday
24%
Michelangelo
19%
Slavoj Žižek
19%
Banker's Lamp
14%
Mace
14%
Felix Mendelssohn
5%
Richard Feynman
5%
Rosa Luxemburg
5%
Rosario
5%
Eos
0%
Gemini
0%
Helen of Troy
0%
Phuket
0%

Score Distribution

Percentile by Number Answered

Percent of People with Each Score

Your Score History

You have not taken this quiz